000 00473nam a2200205Ia 4500
001 109894
003 YMCAF
005 20230512162405.0
008 100717s1999 ||||||||||||||||| ||und|d
024 _a109894
035 _aWB881
040 _aYMCAF
_beng
_cIN-KoLT
041 _aeng
082 _a006.32
_bDOB
100 _aDobnikar & Steele
245 0 _aArtificial neural nets and genetic algorithm
260 _bSpringer
_c1999
300 _a352
942 _2ddc
_cBK
999 _c11668
_d11668